00595nam a22001457a 4500008004100000020001500041050002200056245022500078260004300303300002300346440002800369700001900397700001600416800001700432140828b xxu||||| |||| 00| 0 eng d a0406096473 aKD277.7.L39(1987) aThe Law Reports (1987) Queen's Bench Division: and on appeal therefrom in the Court of Appeal and decisions in the court of appeal criminal division and employment appeal tribunal. /cedited by Carol Ellis and Allan Bray aLondon:bButterworth & Co. Ltd,c1987. axi, 1125p.:c24cm. pQueen's Bench Division. aEllis, Carol. aBray, Alan. aEllis, Carol